Responses for Show #3852 - Tuesday, May 8, 2001

2001 Teen Tournament semifinal game 2.
From the Pennsylvania Convention Center in Philadelphia.

Contestants

[<< previous game]

Colleen Mahoney, a sophomore from East Hampton, Connecticut

Alexis Stephens, a senior from Philadelphia, Pennsylvania

Logan Bell, a senior from Rock Falls, Illinois

[next game >>]

Jeopardy! Round responses

THE EARLY 1900s
HOLIDAYS & CELEBRATIONS
3 CHEERS FOR BRITNEY SPEARS
HERSHEY'S
DUNGEONEERING
COLORFUL WORDS & PHRASES
    $100 6
New York City

Logan
    $100 8
Halloween

Logan
    $100 1
"Baby One More Time"

Logan
    $100 21
Reese's

Logan
    $100 22
French

Logan
    $100 7
the Yellow Pages

Colleen
    $200 17
blood types

Colleen
    $200 13
(Logan: Who is Lindbergh?)

Orville Wright

LoganColleen
    $200 2
'N Sync

Logan
    $200 28
cough drops

Alexis
    $200 23
Frankenstein

Logan
    $200 9
the green

Logan
    $300 18
Rose Bowl

Logan
    $300 14
Flag Day

Colleen
    $300 3
Sabrina, the Teenage Witch

Logan
    $300 27
licorice

Logan
    $300 24
Dungeons & Dragons

Logan
    $300 10
Golden Globes

Alexis
    $400 19
Cuba

Logan
    $400 15
Kwanzaa

Colleen
    $400 4
her mother

Logan
    $400 29
Good & Plenty

Colleen
    $400 25
(Alex: Minute to go.)

Tower of London

Logan
    $400 11
black market

Logan
    $500 20
Madame Butterfly

Colleen
    $1,000 16
Labor Day

Colleen
    $500 5
The Mickey Mouse Club

Alexis
    $500 30
(Colleen: What is....[time]?)

Krackel

Colleen
Triple Stumper
    $500 26
(Colleen: Who is Dracula?)

the Count of Monte Cristo

AlexisColleen
    $500 12
"The Silver Skates"

Colleen

Scores at the first commercial break (after clue 15):

Logan Alexis Colleen
$1,600 $800 $1,500

Scores at the end of the Jeopardy! Round:

Logan Alexis Colleen
$3,700 $1,500 $2,600

Double Jeopardy! Round responses

SCIENCE
X MARKS THE SPOT
IT'S PG-13
SUCCESSORS
TUDOR GARAGE
PHONY."COM"s
    $200 4
chromosomes

Logan
    $200 20
Mexico

Logan
    $200 9
Bring It On

Colleen
    $200 16
Barbara Bush

Colleen
    $200 27
Wales

Colleen
    $200 1
(Logan: What is a kaleidoscope?)

compass

LoganColleen
    $400 5
(Alexis: What is a bird?)

species

Alexis
Triple Stumper
    $400 21
(Colleen: What is Illinois?)

Ohio

LoganColleen
    $400 10
Sandra Bullock

Colleen
    $400 17
Rick Schroder

Alexis
    $400 28
William Shakespeare

Alexis
    $400 2
the Catacombs

Triple Stumper
    $600 6
(Colleen: What are bacteria?)
(Alex: Nematodes will devastate your vineyards, I know.)

worms

Colleen
Triple Stumper
    $600 22
Germany

Logan
    $600 11
Jennifer Love Hewitt

Colleen
    $600 18
Steve Jobs

Alexis
    $600 30
Henry VIII

Colleen
    $600 3
(Colleen: What are combers?)

combines

LoganColleen
    $800 7
membrane

Alexis
    $800 23
(Logan: What is Japan?)

China

LoganAlexis
    $800 12
(Logan: What is "The Legend of Drunken Master?")

Shanghai Noon

Logan
Triple Stumper
    $800 19
(Alexis: Who is Benjamin Netanyahu?)

Ariel Sharon

LoganAlexis
    $800 29
Bosworth Field

Triple Stumper
    $800 14
(Logan: What is a hive?)

honeycomb

LoganAlexis
    $1,100 8
(Alexis: Who is Sonic?)

Christian Doppler

Alexis
    $1,500 24
(Alex: We have about a minute left.)

Brazil

Alexis
    $1000 13
Frequency

Colleen
    $1000 25
David Stern

Logan
    $1000 26
Lady Jane Grey

Triple Stumper
    $1000 15
recombinant DNA

Colleen

Scores at the end of the Double Jeopardy! Round:

Logan Alexis Colleen
$4,900 $4,500 $5,400

[wagering suggestions for these scores]

Final Jeopardy! Round responses

STATE CAPITALS
AlexisWhat is J[a]uneau?
$4,240
LoganWhat is Augusta?
$3,000
ColleenWhat is Juneau, Alaska?
$4,500
(1 of 2) Juneau, Alaska or Augusta, Maine

Final scores:

Logan Alexis Colleen
$7,900 $8,740 $9,900
3rd place: $5,000 2nd place: $5,000 Finalist

Game dynamics:

Coryat scores:

Logan Alexis Colleen
$4,900 $5,100 $4,900
23 R,
5 W
11 R
(including 1 DD),
3 W
(including 1 DD)
18 R
(including 1 DD),
5 W

Combined Coryat: $14,900

[game clues] [game scores] [suggest correction]

Game tape date: 2001-04-12
The J! Archive is created by fans, for fans. Scraping, republication, monetization, and malicious use prohibited; this site may use cookies and collect identifying information. See terms. The Jeopardy! game show and all elements thereof, including but not limited to copyright and trademark thereto, are the property of Jeopardy Productions, Inc. and are protected under law. This website is not affiliated with, sponsored by, or operated by Jeopardy Productions, Inc. Join the discussion at JBoard.tv.